000 01016cam a22002174a 4500
005 20250605164119.0
008 250528s ||||||||||||||||||||||||d
035 _a18189
020 _a133294331
040 _aGR-AtMCL
_bgre
_dGR-AtMCL
_eAACR2
245 1 _aFortran IV with Watfor and Watfiv
260 _bPrentice Hall,
_c1970
300 _a448
520 _aThis book covers all of FORTRAN IV for the IBM 360 at a pace and style which will appeal to all users regardless of their range of experience. Introduction to Fortran, Real Arithmetic, Integer Arithmetic, Mixed-Mode Arithmetic, Simple Input and Output, Control Statements, The Do Statement, Basic Format, Subprograms, Double Precision, Complex Operations, Character Manipulation, Advanced Format, Odds and Ends, Character Manipulation in Watfiv, Additional I/ O Features in Watfiv, Index.
700 1 _aCress Paul
_94480
700 1 _aDirksen Paul
_94481
700 1 _aGraham Wesley J
_94482
942 _cBK
999 _c3567
_d3567